| 000 | 01177nam a22002297a 4500 | ||
|---|---|---|---|
| 999 |
_c33670 _d33670 |
||
| 003 | OSt | ||
| 005 | 20230607222452.0 | ||
| 008 | 140214b2022 slv spa | ||
| 040 | _cBMC | ||
| 082 | _a613.9 | ||
| 100 | 1 |
_aMarroquin Escobar, Eduardo José _946947 |
|
| 245 | 1 | 0 |
_aPrincipales infecciones de transmisión sexual en mujeres en edad fértil en Unidad de Salud Cara Sucia del Municipio de San Francisco Menéndez, Departamento de Ahuachapán, El Salvador _b: investigación, informe final _cEduardo José Marroquin Escobar, Luis Enrique Rodríguez Martínez, Rodrigo Alejandro Salazar Valencia |
| 260 |
_aSanta Ana (El Salvador) _bUniversidad Católica de El Salvador _c2022 |
||
| 300 |
_a55 h. _c28 cm _e+ 1 disco compacto |
||
| 500 | _aPrecede al tít.: Universidad Católica de El Salvador, Facultad de Ciencias de la Salud | ||
| 502 | _aPara optar al grado académico de: Doctorado en Medicina | ||
| 650 | 2 | 4 |
_924543 _aHigiene sexual |
| 700 | 1 |
_aRodríguez Martínez, Luis Enrique _946948 |
|
| 700 | 1 |
_aSalazar Valencia, Rodrigo Alejandro _946949 |
|
| 710 | 2 |
_933484 _aUniversidad Católica de El Salvador _bFacultad de Ciencias de la Salud |
|
| 942 |
_2ddc _cTG |
||